Cuentos Seleccionados : (Registro nro. 6443)

Detalles MARC
000 -CABECERA
campo de control de longitud fija 01178nam a22002777a 4500
008 - CÓDIGOS DE INFORMACIÓN DE LONGITUD FIJA
fixed length control field 200207b2016 ck |||||r|||| 001 1 spa d
020 ## - NÚMERO INTERNACIONAL NORMALIZADO PARA LIBROS
ISBN 9789588296937
040 ## - Fuente de catalogación
Agencia original de catalogación CO-JMCR
Agencia de transcripción CO-JMCR
041 ## - CÓDIGO DE LENGUA
Código idioma spa
082 ## - NÚMERO DE LA CLASIFICACIÓN DECIMAL DEWEY
Número de clasificación Decimal J-C
Número de documento (Cutter) ARJc
100 1# - PUNTO DE ACCESO PRINCIPAL-NOMBRE DE PERSONA
Nombre personal Arjona, Adriana,
Término de función/relación autora
9 (RLIN) 229
245 1# - TÍTULO PROPIAMENTE DICHO
Título Cuentos Seleccionados :
Parte restante del título Antología /
Mención de responsabilidad, etc. Adriana Arjona, Hamilton Barrios, Beatriz Cadavid, Rodrigo Rogelis, Marco Sanchez, Camilo Vergara
250 ## - DECLARACIÓN DE EDICIÓN
Declaración de edición Primera edición
260 ## - PUBLICACIÓN, DISTRIBUCIÓN, ETC. (PIE DE IMPRENTA)
Lugar de publicación, distribución, etc. Bogotá :
Nombre del editor, distribuidor, etc. Cangrejo,
Fecha de publicación, distribución, etc. 2018
300 ## - DESCRIPCIÓN FÍSICA
Extensión 86 páginas ;
Dimensiones 21 cm.
505 ## - NOTA DE CONTENIDO FORMATADO
Nota de contenido formateada Afroman / Adriana Arjona -- Sancocho de gallina / Hamilton Barrios -- Al otro lado del puente / Beatriz Cadavid -- Y un día no volvio... / Rodrigo Rogelis -- Las tejas viejas / Marco Sánchez P. -- Febrero / Camilo Vergara
586 ## - AWARDS NOTE
Awards note Premio Distrital de Cuento, 2016.
650 14 - TÉRMINO DE MATERIA
subdivision Geografica Colombianos
9 (RLIN) 230
650 24 - TÉRMINO DE MATERIA
subdivision Geografica Colombiana
9 (RLIN) 231
700 #1 - AUTOR SECUNDARIO - PERSONA
Nombre de persona Barrios, Hamilton,
9 (RLIN) 232
700 #1 - AUTOR SECUNDARIO - PERSONA
Nombre de persona Cadavid, Beatriz,
9 (RLIN) 233
700 #1 - AUTOR SECUNDARIO - PERSONA
Nombre de persona Rogelis, Rodrigo,
9 (RLIN) 234
700 #1 - AUTOR SECUNDARIO - PERSONA
Nombre de persona Sánchez P., Marco,
9 (RLIN) 235
700 #1 - AUTOR SECUNDARIO - PERSONA
Nombre de persona Vergara, Camilo,
9 (RLIN) 236
Existencias
Withdrawn status Lost status Source of classification or shelving scheme Damaged status Not for loan Home library Current library Shelving location Date acquired Source of acquisition Cost, normal purchase price Total Checkouts Full call number Barcode Date last seen Copy number Price effective from Koha item type
    Dewey Decimal Classification     Biblioteca Pública José María del Castillo y Rada Biblioteca Pública José María del Castillo y Rada Processing Center 12/19/2019 Donación 0.00   J-C ARJc 201809708 02/07/2020 Ej.2 02/07/2020 Books